| 000 | 01191cam a22003733a 4500 | ||
|---|---|---|---|
| 001 | 25880 | ||
| 003 | PGUSA | ||
| 005 | 20140828083545.0 | ||
| 008 | 080623s2008||||xxu|||||s|||||000 p eng d | ||
| 040 |
_aPGUSA _beng |
||
| 042 | _adc | ||
| 050 | 4 | _aPS | |
| 245 | 1 | 0 |
_aAmerican Poetry, 1922 : _bA Miscellany _h[electronic resource] |
| 260 |
_bProject Gutenberg, _c2008 |
||
| 506 | _aPublic domain in the USA. | ||
| 516 | _aElectronic text | ||
| 653 | _aAmerican poetry -- 20th century | ||
| 700 | 1 |
_aFrost, Robert, _d1874-1963 |
|
| 700 | 1 |
_aLindsay, Vachel, _d1879-1931 |
|
| 700 | 1 |
_aKreymborg, Alfred, _d1883-1966 |
|
| 700 | 1 |
_aUntermeyer, Jean Starr, _d1886-1970 |
|
| 700 | 1 |
_aH. D. _q(Hilda Doolittle), _d1886-1961 |
|
| 700 | 1 |
_aFletcher, John Gould, _d1886-1950 |
|
| 700 | 1 |
_aTeasdale, Sara, _d1884-1933 |
|
| 700 | 1 |
_aOppenheim, James, _d1882-1932 |
|
| 700 | 1 |
_aLowell, Amy, _d1874-1925 |
|
| 700 | 1 |
_aAiken, Conrad, _d1889-1973 |
|
| 700 | 1 |
_aUntermeyer, Louis, _d1885-1977 |
|
| 700 | 1 |
_aSandburg, Carl, _d1878-1967 |
|
| 700 | 1 |
_aMillay, Edna St. Vincent, _d1892-1950 |
|
| 830 | 0 |
_aProject Gutenberg _v25880 |
|
| 856 | 4 | 0 | _uhttp://www.gutenberg.org/ebooks/25880 |
| 942 | _cEB | ||
| 999 |
_c255135 _d255135 |
||